00563nam a2200121Ia 4500008004100000245026000041260003600301260000900337300000600346650002600352650001200378856005100390170516s9999 xx 000 0 und d aContrast Medium Induced Nephropathy after Endovascular Stent Graft Placement: An Examination of Its Prevalence and Risk Factors, Yohei Kawatani, Yoshitsugu Nakamura, Yoshihiko Mochida, Naoya Yamauchi, Yujiro Hayashi, Tetsuyoshi Taneichi, Yujiro Ito, Hirot bRadiology Research and Practice c2017 a: xRadiologic Technology xRadtech uhttps://www.hindawi.com/journals/rrp/contents/